| 000 | 00674nam a2200229 a 4500 | ||
|---|---|---|---|
| 001 | BRL_1913 | ||
| 005 | 20190320211431.0 | ||
| 008 | 170815s1931----gw-#######---#000-0#ger-# | ||
| 041 | _agerfre | ||
| 044 | _agw | ||
| 050 | 4 |
_aPC2129.G3 _b.H45 1931 |
|
| 100 | 1 |
_aHellwing, Karl _928217 |
|
| 245 | 1 | 0 |
_aMetoula-Sprachführer _bfranzösisch _cvon Dr. Karl Hellwing |
| 260 |
_aBerlin _bLangenscheidstche Verlangsbuchhandlung _c1931 |
||
| 300 |
_a184, 15 p. _bil. _c14 cm. |
||
| 440 | 0 |
_aMetoula-Sprachführer _917179 |
|
| 500 | _aAu2152 | ||
| 500 | _aTexto en: Alemán y frances | ||
| 650 | 1 | 4 |
_aFrances _xLibros de lectura - Alemán _928218 |
| 902 | _aGRL | ||
| 942 |
_2lcc _cB |
||
| 999 |
_c10721 _d10721 |
||